00567 2200205 4500245004800000020002200048250001100070100001600081700001600097700001800113650001700131005001900148260004100167041001400208084001300222300003200235500007400267336000900341338001100350 aHere Is GreenWood Vol. 4cNasu, YukiehText a978-979-27-9837-1 aCet. 1 aNasu, Yukie aNia Ikasary aTorana Astrid aKomik Jepang a20230131075148 aJakartabElex Media Komputindoc2011 aIndonesia a741.5592 a... jil. :bilus. ;c17 cm. aJudul asli : Koko Wa Greenwood Vol. 3Diterjemahkan dari bahasa Jepang atext avolume